El Bilingüisme escolar a Catalunya = El bilingüismo escolar en Cataluña
Descripción Física:
18, 16 p. : il. ; 21 cm
MARC
| LEADER | 00000nam a2200000Ia 4500 | ||
|---|---|---|---|
| 001 | 23230 | ||
| 003 | BGR | ||
| 005 | 20260324180144.0 | ||
| 008 | 160829s1972 xx 000 0 cat d | ||
| 080 | |a FU-59-68 | ||
| 245 | |a El Bilingüisme escolar a Catalunya = El bilingüismo escolar en Cataluña | ||
| 260 | |a Barcelona : |b Fundació Artur Martorell, |c 1972 | ||
| 300 | |a 18, 16 p. : |b il. ; |c 21 cm | ||
| 590 | |a Edició bilingüe: català-castellà. | ||
| 590 | |a Prové de S-414, exp. 23 | ||
| 650 | |a Català |x Ensenyament |9 48032 | ||
| 650 | |a Castellà --Ensenyament |x Catalunya |9 48033 | ||
| 650 | |a Bilingüisme |x Catalunya I |9 48034 | ||
| 650 | |a Ensenyament bilingüe |x Catalunya |9 48035 | ||
| 650 | |a Llengües en contacte |x Catalunya |9 48036 | ||
| 650 | |a Escoles |x Catalunya |x Política lingüística |9 48037 | ||
| 710 | 2 | |a Fundació Artur Martorell (Barcelona) |9 70982 | |
| 901 | |a Arxiu | ||
| 942 | |n 1 |2 udc |c MON | ||
| 952 | |0 0 |1 0 |4 0 |6 FU5968 |7 1 |9 54284 |a Arxiu |b Arxiu |d 2016-12-01 |l 0 |o FU-59-68 |p 23230 |r 2016-12-01 00:00:00 |w 2016-12-01 |y ARXIU | ||
| 999 | |c 58153 |d 58153 | ||